[Event "45th Olympiad 2024"]
[Site "Budapest HUN"]
[Date "2024.09.15"]
[Round "5.9"]
[Board "2"]
[White "Van Foreest, Jorden"]
[Black "Quesada Perez, Luis Ernesto"]
[Result "1-0"]
[WhiteElo "2696"]
[BlackElo "2578"]
[PlyCount "85"]
[EventDate "2024.09.11"]
[WhiteTeam "Netherlands"]
[BlackTeam "Cuba"]
[WhiteTeamCountry "NED"]
[BlackTeamCountry "CUB"]

1. e4 e5 2. Nf3 Nc6 3. Bc4 Bc5 4. c3 Nf6 5. d3 d6 6. O-O a6 7. a4 Ba7 8. Re1 O-O 9. h3 h6 10. Nbd2 Re8 11. Nf1 ({RR} 11. b4 Be6 12. Bxe6 Rxe6 13. Rb1 b5 14. Ra1 Rb8 15. Nf1 Bb6 16. Ng3 d5 17. Qc2 dxe4 18. dxe4 Ne8 19. Be3 Bxe3 20. Rxe3 Nd6 21. Rd3 Qe8 22. Nd2 Nd8 23. Nf5 Qf8 24. Nb3 N8b7 25. Nxd6 Rxd6 {½-½ So,W (2771)-Nakamura,H (2768) CGC KO 2022 chess.com INT (5.6)}) ({RR} 11. b4 Be6 12. Bxe6 Rxe6 13. Bb2 Ne7 14. c4 Ng6 15. Qc2 Nf4 16. Nf1 N6h5 17. Kh2 Rg6 18. g4 Qd7 19. Ne3 Nf6 20. Rg1 Bxe3 21. fxe3 Nxh3 22. Kxh3 Nxg4 23. Kh4 Nxe3 24. Qe2 Rg4+ 25. Kh5 Qf5+ {0-1 Elias Reyes,J (2468)-Quesada Perez,L (2560) 60th ch-CUB 2024 (5.2)}) 11... Be6 12. Bxe6 Rxe6 13. g4 $146 ({RR} 13. Be3 Bxe3 14. Nxe3 Ne7 15. Nh4 d5 16. Qc2 Qd7 17. Rad1 c5 18. c4 d4 19. Nd5 g5 20. Nxe7+ Qxe7 21. Nf5 Qf8 22. a5 b5 23. axb6 Rxb6 24. Ra1 Ne8 25. Ra2 Nd6 26. Ng3 Qc8 27. Rea1 Qe6 {1-0 Schnaider,I (2196)-Fuentes,A (1898) 98th ch-ARG Semi-Final 2023 (9.18)}) ({RR} 13. Ng3 Ne7 14. d4 Ng6 15. d5 Re8 16. Nf5 Nf4 17. Bxf4 exf4 18. Qd3 Nd7 19. b4 Ne5 20. Nxe5 dxe5 21. Qf3 Qg5 22. d6 cxd6 23. Rad1 Rad8 24. Nxd6 Re7 25. h4 Qf6 26. Nf5 Red7 27. Qg4 Rxd1 {0-1 Tokhirjonova,G (2380)-Perez Rodriguez,J (2224) WSCC Speed Play-In 2 2024 (9)}) ({RR} 13. Ng3 d5 14. Qe2 Qd7 15. b4 Rd8 16. Qb2 Ne7 17. b5 dxe4 18. dxe4 axb5 19. axb5 Bc5 20. Be3 Bxe3 21. Rxe3 Ng6 22. c4 c6 23. Rb3 Qd6 24. Ra7 b6 25. Kh2 Qc5 26. Qa3 Qxc4 27. Ra4 Qc2 {½-½ Mrva,M (2366)-Cummings,D (2325) 31st World Senior 50+ 2023 (8.10)}) 13... d5 14. Qe2 Qd7 15. Ng3 dxe4 16. dxe4 Rd8 17. g5 hxg5 18. Bxg5 Qd3 19. Kf1 Kf8 20. h4 Rd7 21. Qxd3 Rxd3 22. Ke2 Rd7 23. Rg1 Na5 24. Bxf6 Rxf6 25. Nh5 Rfd6 26. Rxg7 Nb3 27. Rag1 Rd2+ 28. Nxd2 Rxd2+ 29. Kf3 Rxf2+ 30. Kg3 Nd2 31. Kh3 Nxe4 32. R7g2 Rf3+ 33. Kg4 Re3 34. Rf1 Ke7 35. Ng3 Ke6 36. h5 Nf6+ 37. Kg5 Nh7+ 38. Kh4 Bc5 39. Nf5 Re4+ 40. Kh3 Bf8 41. h6 Rxa4 42. Rg8 Rf4 43. Ng7+ 1-0

[Event "45th Olympiad 2024"]
[Site "Budapest HUN"]
[Date "2024.09.15"]
[Round "5.9"]
[Board "3"]
[White "Berdayes Ason, Dylan Isidro"]
[Black "Warmerdam, Max"]
[Result "1/2-1/2"]
[WhiteElo "2474"]
[BlackElo "2679"]
[PlyCount "63"]
[EventDate "2024.09.11"]
[WhiteTeam "Cuba"]
[BlackTeam "Netherlands"]
[WhiteTeamCountry "CUB"]
[BlackTeamCountry "NED"]

1. d4 Nf6 2. c4 g6 3. Nc3 Bg7 4. e4 d6 5. h3 O-O 6. Be3 Na6 7. g4 c6 8. f3 Rb8 9. Qd2 Nc7 10. Nge2 b5 11. cxb5 Nxb5 12. Nxb5 Rxb5 13. Rc1 $146 ({RR} 13. Ng3 Rb8 14. Rc1 Qb6 15. Rc2 Nd7 16. h4 c5 17. dxc5 dxc5 18. Kf2 Rd8 19. Kg2 Bxb2 20. h5 Ne5 21. Qf2 Bd4 22. hxg6 fxg6 23. Be2 Rf8 24. Qg1 Rf7 25. Rd2 Ba6 26. Bxd4 cxd4 27. Bd1 Rd8 {0-1 Gorshtein,I (2540)-Warmerdam,M (2633) III Menorca Open 2024 (5.6)}) 13... Rb6 14. Nc3 a5 15. b3 Rb4 16. Be2 Qb6 17. Na4 Qb7 18. Kf2 Bd7 19. Nc3 Ra8 20. Rc2 Qb8 21. Kg2 Bc8 22. Rhc1 Bd7 23. Na4 Ne8 24. Rc4 Rb5 25. R4c2 Rb4 26. Rc4 Rxc4 27. Bxc4 Nc7 28. Be2 Qb7 29. Rc2 Nb5 30. Rc1 Nc7 31. Rc2 Nb5 32. Rc1 1/2-1/2

[Event "45th Olympiad 2024"]
[Site "Budapest HUN"]
[Date "2024.09.15"]
[Round "5.9"]
[Board "4"]
[White "L'Ami, Erwin"]
[Black "Miranda Mesa, Elier"]
[Result "1-0"]
[WhiteElo "2628"]
[BlackElo "2512"]
[PlyCount "103"]
[EventDate "2024.09.11"]
[WhiteTeam "Netherlands"]
[BlackTeam "Cuba"]
[WhiteTeamCountry "NED"]
[BlackTeamCountry "CUB"]

1. d4 d5 2. c4 c6 3. Nf3 Nf6 4. Nc3 dxc4 5. a4 Bf5 6. Ne5 Nbd7 7. Nxc4 Qc7 8. Qd2 g6 9. Qf4 Qxf4 10. Bxf4 Nb6 ({RR} 10... Bg7 11. e3 Nd5 12. Nxd5 cxd5 13. Na5 O-O 14. Nxb7 e5 15. dxe5 Nxe5 16. Nd6 Nd3+ 17. Bxd3 Bxd3 18. Kd2 Ba6 19. Rab1 d4 20. e4 Rab8 21. b4 Rbd8 22. b5 Bc8 23. a5 f5 24. Nxc8 Rxc8 25. Bd6 {1-0 Wojtaszek,R (2734)-Svane,R (2543) Wch Blitz 9th 2015 (1)}) ({RR} 10... Bg7 11. e3 Nh5 12. Bg5 h6 13. Bh4 g5 14. Bg3 O-O 15. Be2 Bg6 16. Rd1 Nxg3 17. hxg3 e5 18. d5 Nc5 19. f3 e4 20. f4 Rad8 21. Ne5 Bxe5 22. fxe5 Rfe8 23. b4 Nd3+ 24. Bxd3 exd3 25. dxc6 {0-1 Almeida Quintana,O (2514)-Quesada Perez,L (2567) 17th American Cont Blitz 2024 (9.1)}) 11. Nxb6 axb6 12. Be5 $146 ({RR} 12. Rc1 Ne4 13. Nxe4 Bxe4 14. f3 Bd5 15. e4 Bb3 16. d5 Bxa4 17. b3 Bxb3 18. Rb1 Ra3 19. dxc6 bxc6 20. Bc1 Ba2 21. Rxb6 Rb3 22. Rxc6 Bg7 23. Bc4 Rc3 24. Bb5 O-O 25. Rxc3 Bxc3+ 26. Bd2 Bxd2+ {½-½ Rezan,S (2414)-Ragger,M (2476) Zadar op-A 13th 2006 (3)}) 12... b5 13. e4 Bd7 14. Bd3 Bg7 15. O-O b4 16. Na2 Rxa4 17. Nxb4 Rxa1 18. Rxa1 O-O 19. f3 Bc8 20. Ra5 Bh6 21. Nc2 Nd7 22. Bc7 Re8 23. f4 Nf8 24. g3 Bg7 25. Kf2 Be6 26. Ra7 Bc8 27. e5 f6 28. Bc4+ Be6 29. Bd3 Bc8 30. Ne3 g5 31. f5 e6 32. Ng4 exf5 33. Nxf6+ Bxf6 34. exf6 Ng6 35. h4 gxh4 36. gxh4 h5 37. Be5 Kf8 38. Ra8 Bd7 39. Rxe8+ Bxe8 40. Kg3 c5 41. Bd6+ Kf7 42. dxc5 Kxf6 43. b4 Ne5 44. Bf1 Bc6 45. Be2 Be8 46. b5 Bd7 47. b6 Nf7 48. Bc7 Ne5 49. Bxh5 Ng4 50. Kf4 Bc8 51. Bd8+ Kg7 52. Be8 1-0

[Event "45th Olympiad 2024"]
[Site "Budapest HUN"]
[Date "2024.09.15"]
[Round "5.10"]
[Board "1"]
[White "Kadric, Denis"]
[Black "Keymer, Vincent"]
[Result "1-0"]
[WhiteElo "2553"]
[BlackElo "2730"]
[PlyCount "69"]
[EventDate "2024.09.11"]
[WhiteTeam "Montenegro"]
[BlackTeam "Germany"]
[WhiteTeamCountry "MNE"]
[BlackTeamCountry "GER"]

1. e4 e5 2. Nf3 Nc6 3. Bc4 Nf6 4. d3 Bc5 5. c3 a6 6. O-O d6 7. Nbd2 O-O 8. h3 Ba7 9. Bb3 Be6 10. Re1 Bxb3 11. Qxb3 Qd7 ({RR} 11... Rb8 12. Nf1 Qd7 13. Ng3 Rfe8 14. Bd2 h6 15. Rad1 Qe6 16. Be3 Bxe3 17. Rxe3 Qxb3 18. axb3 d5 19. Ree1 Rbd8 20. Kf1 a5 21. Nh2 h5 22. Nf3 g6 23. h4 Kg7 24. Ra1 dxe4 25. dxe4 Nd7 26. Rad1 {0-1 Bacrot,E (2695)-Aronian,L (2750) Mainz Classic rap Prelim rapid 2007 (4)}) 12. Nf1 h6 13. Ng3 ({RR} 13. Be3 Bxe3 14. Nxe3 Rfe8 15. a4 b6 16. Nd5 Nxd5 17. Qxd5 a5 18. d4 Rad8 19. Rad1 Ne7 20. Qb5 Qxb5 21. axb5 Ng6 22. g3 h5 23. Kg2 f6 24. d5 Nf8 25. Ra1 Ra8 26. b3 Nd7 27. Nd2 Nc5 {1-0 Benmesbah,N (2306)-Bulmaga,I (2394) 24th ch-EUR Indiv w 2024 (3.7)}) 13... Rab8 14. Be3 $146 ({RR} 14. Nf5 Kh7 15. Qd1 Rfe8 16. g4 Ng8 17. d4 Rbd8 18. Kg2 d5 19. exd5 Qxd5 20. Ne3 Qd7 21. d5 Nb8 22. c4 e4 23. Nd4 c6 24. Qd2 Ne7 25. Ndf5 Bxe3 26. Nxe3 cxd5 27. Qc2 d4 28. Nf1 d3 {0-1 Gajek,R (2315)-Malaniuk,V (2554) Wroclaw 9th 2014 (2)}) ({RR} 14. Qd1 Rfe8 15. Nh4 d5 16. Qf3 Qe6 17. Nhf5 Ne7 18. Nxe7+ Rxe7 19. Nf5 Ree8 20. Bxh6 Nxe4 21. dxe4 gxh6 22. exd5 Qg6 23. Re4 h5 24. Rh4 e4 25. Rxe4 Rxe4 26. Qxe4 Qb6 27. Qf3 Re8 28. d6 {1-0 Wierzbicki,J (2114)-Fuchs,D (1939) Berlin Lichtenrade op 15th 2019 (9)}) 14... Bxe3 15. Rxe3 Nh7 16. d4 Ng5 17. Rd1 g6 18. Nh4 Na5 19. Qd5 Qa4 20. b3 Qxa2 21. Ree1 c6 22. Qxd6 Qxb3 23. Qxe5 b6 24. Ngf5 gxf5 25. Nxf5 f6 26. Qg3 Kh8 27. h4 Ne6 28. Qg6 Rb7 29. d5 Ng7 30. Qxh6+ Kg8 31. Rd3 Nxf5 32. exf5 Rg7 33. Re7 Rff7 34. Re8+ Rf8 35. Rg3 1-0

[Event "45th Olympiad 2024"]
[Site "Budapest HUN"]
[Date "2024.09.15"]
[Round "5.10"]
[Board "2"]
[White "Kollars, Dmitrij"]
[Black "Petrov, Nikita"]
[Result "1/2-1/2"]
[WhiteElo "2659"]
[BlackElo "2574"]
[PlyCount "45"]
[EventDate "2024.09.11"]
[WhiteTeam "Germany"]
[BlackTeam "Montenegro"]
[WhiteTeamCountry "GER"]
[BlackTeamCountry "MNE"]

1. e4 c5 2. Nf3 Nc6 3. d4 cxd4 4. Nxd4 e6 5. Nc3 a6 6. a3 Be7 7. Be3 Nf6 8. f4 d6 9. Qd2 O-O 10. O-O-O Bd7 11. Be2 Nxd4 12. Qxd4 $146 ({RR} 12. Bxd4 Bc6 13. Bf3 Qc7 14. Bxf6 gxf6 15. f5 b5 16. Qh6 a5 17. Rd3 b4 18. Bd1 Kh8 19. Rh3 {1-0 Mateus,J-Viana,N Caririense-ch 2012 (3.4)}) 12... Bc6 13. g4 d5 14. e5 Nd7 15. Rhg1 b5 16. g5 Qb8 17. Rg3 a5 18. b4 axb4 19. axb4 Bd8 20. Qd3 Be7 21. Qd4 Bd8 22. Qd3 Be7 23. Qd4 1/2-1/2

[Event "45th Olympiad 2024"]
[Site "Budapest HUN"]
[Date "2024.09.15"]
[Round "5.10"]
[Board "3"]
[White "Djukic, Nikola"]
[Black "Bluebaum, Matthias"]
[Result "1/2-1/2"]
[WhiteElo "2515"]
[BlackElo "2640"]
[PlyCount "38"]
[EventDate "2024.09.11"]
[WhiteTeam "Montenegro"]
[BlackTeam "Germany"]
[WhiteTeamCountry "MNE"]
[BlackTeamCountry "GER"]

1. e4 c6 2. Nc3 d5 3. Nf3 Bg4 4. h3 Bxf3 5. Qxf3 e6 6. Be2 d4 7. Nb1 Ne7 8. d3 Ng6 9. g3 h5 10. h4 a5 11. Nd2 a4 12. a3 Nd7 13. Qg2 e5 $146 ({RR} 13... Qa5 14. f4 e5 15. f5 Ne7 16. O-O Ng8 17. Nf3 Qc5 18. Ng5 Ndf6 19. Bf3 Nh6 20. Qe2 Nhg4 21. Rb1 Be7 22. Kg2 O-O 23. Nh3 Rfb8 24. Nf2 Nxf2 25. Rxf2 b5 26. Bxh5 b4 27. axb4 Rxb4 28. Ra1 {½-½ Ajay,K (2436)-Saravana,K (2270) Chennai op 13th 2022 (9)}) 14. Nf3 Be7 15. Ng5 Qa5+ 16. Bd2 Qb6 17. Bc1 Qa5+ 18. Bd2 Qb6 19. Bc1 Qa5+ 1/2-1/2

[Event "45th Olympiad 2024"]
[Site "Budapest HUN"]
[Date "2024.09.15"]
[Round "5.10"]
[Board "4"]
[White "Svane, Frederik"]
[Black "Draskovic, Luka"]
[Result "1/2-1/2"]
[WhiteElo "2640"]
[BlackElo "2497"]
[PlyCount "90"]
[EventDate "2024.09.11"]
[WhiteTeam "Germany"]
[BlackTeam "Montenegro"]
[WhiteTeamCountry "GER"]
[BlackTeamCountry "MNE"]

1. e4 e5 2. Nf3 Nc6 3. Bb5 a6 4. Ba4 Nge7 5. c3 Ng6 6. d4 exd4 7. cxd4 Bb4+ 8. Nc3 d5 9. O-O dxe4 ({RR} 9... Bxc3 10. exd5 Qxd5 11. bxc3 O-O 12. h3 Na5 13. Re1 b5 14. Bc2 Bf5 15. Bxf5 Qxf5 16. a4 Nc4 17. Qe2 h6 18. Qe4 Qxe4 19. Rxe4 c6 20. h4 h5 21. g3 f6 22. Re6 Rfc8 23. axb5 axb5 24. Rxa8 {0-1 Dominguez Perez,L (2749)-Caruana,F (2804) American Cup Elim 2024 (2.6)}) 10. Nxe4 O-O 11. a3 Be7 12. h3 $146 ({RR} 12. d5 Nce5 13. Nxe5 Nxe5 14. Bb3 Bd6 15. Bg5 Qd7 16. Nxd6 cxd6 17. f4 Ng4 18. f5 f6 19. Qxg4 fxg5 20. Bc2 Qd8 21. Rae1 Bd7 22. Qb4 Qf6 23. Kh1 b5 24. Bb1 Rae8 25. Rxe8 Rxe8 26. Qa5 Qxb2 {0-1 Yao,L (2370)-Lehaci,M (2242) 24th ch-EUR Indiv w 2024 (10.21)}) 12... Be6 13. Re1 Bd5 14. Nc3 Bxf3 15. Qxf3 Qxd4 16. Bxc6 bxc6 17. Qxc6 Bd6 18. Re4 Qf6 19. Qc4 Rae8 20. Be3 Rxe4 21. Qxe4 Rb8 22. Bd4 Qf4 23. g3 Qh6 24. h4 Nf8 25. b4 Ne6 26. Be3 Qg6 27. Qxg6 hxg6 28. Ne4 Be7 29. Rc1 Ra8 30. Ng5 Bxg5 31. hxg5 Kf8 32. Kg2 Ke7 33. f4 Rd8 34. Kf3 Rd3 35. a4 Kd7 36. g4 Ra3 37. a5 f5 38. gxf6 gxf6 39. Rd1+ Kc6 40. f5 gxf5 41. gxf5 Ng7 42. Rc1+ Kd7 43. Rd1+ Kc6 44. Kf4 Nh5+ 45. Kf3 Ng7 1/2-1/2

[Event "45th Olympiad 2024"]
[Site "Budapest HUN"]
[Date "2024.09.15"]
[Round "5.11"]
[Board "1"]
[White "Vitiugov, Nikita"]
[Black "Kuybokarov, Temur"]
[Result "1/2-1/2"]
[WhiteElo "2676"]
[BlackElo "2562"]
[PlyCount "69"]
[EventDate "2024.09.11"]
[WhiteTeam "England"]
[BlackTeam "Australia"]
[WhiteTeamCountry "ENG"]
[BlackTeamCountry "AUS"]

1. e4 e5 2. Nf3 Nc6 3. Bb5 a6 4. Ba4 Nf6 5. d3 b5 6. Bb3 Bc5 7. c3 d6 8. Bg5 h6 9. Bh4 g5 10. Bg3 Bb6 11. a4 Bd7 12. Nbd2 Rb8 13. axb5 axb5 14. O-O O-O 15. Re1 Re8 $146 ({RR} 15... g4 16. Nh4 Nh5 17. Nf1 Qg5 18. Ne3 Ne7 19. d4 Nxg3 20. hxg3 Rbd8 21. Kh2 h5 22. Qd2 Kh8 23. Rad1 Bc8 24. dxe5 Qxe5 25. Nd5 Nxd5 26. Qh6+ Kg8 27. Rxd5 {1-0 Salgado Lopez,I (2587)-Cuenca Jimenez,J (2378) La Nucia Blitz op 2020 (4)}) 16. Nf1 Qe7 17. d4 Qf8 18. Qd3 Rbd8 19. Rad1 Qg7 20. dxe5 Nxe5 21. Nxe5 dxe5 22. Ne3 c6 23. Qc2 Nh5 24. Rd6 Bc5 25. Rd2 Bc8 26. Red1 Rxd2 27. Qxd2 Nxg3 28. hxg3 g4 29. Ba2 Qg5 30. Nf5 Qxd2 31. Rxd2 Bxf5 32. exf5 Kg7 33. Kf1 b4 34. Rd7 Re7 35. Rxe7 1/2-1/2

[Event "45th Olympiad 2024"]
[Site "Budapest HUN"]
[Date "2024.09.15"]
[Round "5.11"]
[Board "2"]
[White "Cheng, Bobby"]
[Black "Howell, David W L"]
[Result "1-0"]
[WhiteElo "2588"]
[BlackElo "2677"]
[PlyCount "163"]
[EventDate "2024.09.11"]
[WhiteTeam "Australia"]
[BlackTeam "England"]
[WhiteTeamCountry "AUS"]
[BlackTeamCountry "ENG"]

1. d4 Nf6 2. c4 e6 3. Nf3 d5 4. g3 h6 5. Bg2 Bd6 6. O-O O-O 7. b3 b6 8. Bb2 Bb7 9. Nc3 Nbd7 10. Rc1 Re8 ({RR} 10... c5 11. cxd5 Nxd5 12. Nxd5 Bxd5 13. dxc5 Bxc5 14. b4 Be7 15. Nd4 Bxg2 16. Kxg2 Bf6 17. Nc6 Qe8 18. Bxf6 Nxf6 19. Qd6 Kh7 20. Rfd1 Ne4 21. Qe5 f5 22. Nd4 Rf6 23. Rc7 Rc8 24. Nxe6 Rxc7 25. Ng5+ {1-0 Ding,L (2799)-Artemiev,V (2704) Goldmoney Asian Prelim rapid 2021 (1.2)}) ({RR} 10... a6 11. e3 Re8 12. cxd5 exd5 13. Nh4 Bf8 14. Qd3 a5 15. Rfe1 Ba6 16. Nb5 Ne4 17. a4 Bb4 18. Re2 c5 19. dxc5 Ndxc5 20. Qd1 Qd7 21. f3 Ng5 22. e4 dxe4 23. Qxd7 Nxd7 24. f4 Nf3+ 25. Nxf3 {0-1 Rojas Alarcon,J (2357)-Tari,A (2634) Titled Tue 9th Apr Late 2024 (4)}) 11. Qc2 Rc8 $146 ({RR} 11... c5 12. Rfd1 dxc4 13. bxc4 cxd4 14. Nb5 Be4 15. Qd2 Bf8 16. Bxd4 Qc8 17. Qb2 Qb7 18. Bc3 Rac8 19. Bb4 Nc5 20. Nd6 Bxd6 21. Rxd6 Red8 22. Bxc5 bxc5 23. Qxb7 Bxb7 24. Rcd1 Rxd6 25. Rxd6 Rb8 26. Ne5 {½-½ Librelato,K (2182)-Melia,S (2377) FIDE World Cup Women 2023 (1.4)}) 12. Rfd1 c5 13. cxd5 Nxd5 14. Nxd5 cxd4 15. Qd2 Rxc1 16. Qxc1 Bxd5 17. Nxd4 Bxg2 18. Kxg2 Bc5 19. Nf3 Qe7 20. Qc3 f6 21. Qc4 Nf8 22. Bd4 Bxd4 23. Nxd4 Qd7 24. Rc1 Ng6 25. Qc6 Qe7 26. Qa4 Qb7+ 27. Kg1 Re7 28. Qc4 Ne5 29. Qc8+ Kf7 30. Qxb7 Rxb7 31. f4 Ng6 32. Kf2 e5 33. Nc6 Rd7 34. fxe5 fxe5 35. Ke3 Ke6 36. b4 Nh8 37. Nb8 Rd8 38. Na6 Rd7 39. Rc6+ Ke7 40. Nc7 Nf7 41. Nb5 Nd8 42. Rc3 Ke6 43. Rc8 Kf5 44. h3 h5 45. a3 Ne6 46. Ra8 h4 47. gxh4 Nd4 48. Nxd4+ Rxd4 49. Rxa7 Rxh4 50. Rf7+ Ke6 51. Rxg7 Rxh3+ 52. Ke4 Rh4+ 53. Kd3 Kd5 54. e4+ Kc6 55. a4 Rh1 56. Rg6+ Kc7 57. Kc4 Re1 58. Kb5 Rxe4 59. Rc6+ Kb7 60. Rxb6+ Ka7 61. Re6 Rh4 62. Re7+ Ka8 63. Re8+ Ka7 64. Re7+ Ka8 65. Rxe5 Rh6 66. Re8+ Kb7 67. Re7+ Ka8 68. a5 Kb8 69. Rg7 Rh5+ 70. Ka4 Rh6 71. Rg4 Ka7 72. b5 Rf6 73. Rg7+ Kb8 74. a6 Ka8 75. Ka5 Rf8 76. Rg5 Rh8 77. Rc5 Rg8 78. b6 Rh8 79. Rc8+ Rxc8 80. b7+ Ka7 81. bxc8=N+ Kb8 82. Nd6 1-0

[Event "45th Olympiad 2024"]
[Site "Budapest HUN"]
[Date "2024.09.15"]
[Round "5.11"]
[Board "3"]
[White "Adams, Michael"]
[Black "Sardana, Rishi"]
[Result "1-0"]
[WhiteElo "2661"]
[BlackElo "2477"]
[PlyCount "81"]
[EventDate "2024.09.11"]
[WhiteTeam "England"]
[BlackTeam "Australia"]
[WhiteTeamCountry "ENG"]
[BlackTeamCountry "AUS"]

1. e4 c5 2. Nf3 d6 3. d4 cxd4 4. Nxd4 Nf6 5. Nc3 a6 6. g3 e5 7. Nb3 Be7 8. Bg2 O-O 9. O-O Be6 10. a4 Nbd7 11. Re1 Qc7 12. Nd2 Qc5 13. Nf1 Bd8 14. Ne3 Bb6 $146 ({RR} 14... Ba5 15. Bd2 Rac8 16. g4 Nb6 17. g5 Nfd7 18. Ne2 Bxd2 19. Qxd2 Nc4 20. Nxc4 Bxc4 21. Red1 Bxe2 22. Qxe2 Qxc2 23. Qxc2 Rxc2 24. Rxd6 Nc5 25. b4 Ne6 26. Rb6 Rc7 27. h4 Rd8 28. Bf3 Nd4 29. Bg4 {½-½ Kowalski,I (2129)-Szostko,J (2234) Bialystok Zamenhof Memorial 35th rapid 2016 (8)}) ({RR} 14... Ba5 15. Bd2 Rfc8 16. Ncd5 Bxd5 17. exd5 Bxd2 18. Qxd2 g6 19. a5 b5 20. axb6 Nxb6 21. b3 a5 22. c4 a4 23. b4 Qd4 24. Qc2 Nxc4 25. Rxa4 Rxa4 26. Qxa4 Nxe3 27. fxe3 Qb6 28. Qb3 Rb8 29. Rc1 {0-1 Abdulrahim,S (1824)-Ahmad,A (2380) 7th Sharjah Challengers 2024 (9.6)}) ({RR} 14... Ba5 15. Bd2 Nb6 16. Ncd5 Nbxd5 17. exd5 Bxd2 18. Qxd2 Bd7 19. a5 Rac8 20. c4 Ng4 21. b4 Qc7 22. Rac1 Nxe3 23. Rxe3 b6 24. c5 bxc5 25. bxc5 dxc5 26. d6 Qb8 27. Rxe5 c4 28. Re7 Qb5 29. Qc3 {1-0 Purgar,I (2159)-Kubicka,A (2221) Mitropa Cup (Women) 2017 (1.15)}) 15. Ncd5 Bxd5 16. exd5 e4 17. Bd2 Ne5 18. a5 Ba7 19. Ra4 Qb5 20. b3 Qd7 21. Bxe4 Nxe4 22. Rxe4 f5 23. Ra4 f4 24. gxf4 Ng6 25. Ng2 Qh3 26. Be3 Rf5 27. Bxa7 Rh5 28. Kf1 Rxa7 29. Re3 Qf5 30. Qd3 Qxd5 31. Qxd5+ Rxd5 32. Re8+ Kf7 33. Rc8 Rd1+ 34. Ke2 Rh1 35. Rc7+ Kf6 36. Rd4 d5 37. Rxd5 Rxh2 38. Rd6+ Kf5 39. Rc5+ Kg4 40. Rg5+ Kh3 41. Rg3# 1-0

[Event "45th Olympiad 2024"]
[Site "Budapest HUN"]
[Date "2024.09.15"]
[Round "5.11"]
[Board "4"]
[White "Zhao, Zong-Yuan"]
[Black "Jones, Gawain C B"]
[Result "0-1"]
[WhiteElo "2478"]
[BlackElo "2646"]
[PlyCount "90"]
[EventDate "2024.09.11"]
[WhiteTeam "Australia"]
[BlackTeam "England"]
[WhiteTeamCountry "AUS"]
[BlackTeamCountry "ENG"]

1. d4 Nf6 2. Nf3 g6 3. Nbd2 Bg7 4. e4 O-O 5. c3 d6 6. Bd3 Nc6 7. O-O e5 8. Re1 a5 9. dxe5 Nxe5 10. Nxe5 dxe5 11. Nc4 Qe7 12. a4 ({RR} 12. Bg5 h6 13. Bh4 Rd8 14. Qc2 Qc5 15. Ne3 Be6 16. f3 Rd7 17. Bf2 Rad8 18. Red1 Qe7 19. Bc4 h5 20. Rxd7 Rxd7 21. Qb3 Bxc4 22. Nxc4 b6 23. Rd1 Qe6 24. Rxd7 Nxd7 25. Qb5 Bf8 26. Qd5 Qxd5 {½-½ Van den Doel,E (2584)-Roebers,E (2363) 15th BPB Limburg Open 2023 (6.6)}) 12... Rd8 13. Qc2 b6 14. Bf1 $146 ({RR} 14. b3 Bb7 15. f3 Nh5 16. g3 Bf6 17. Be3 Ng7 18. Rad1 Ne6 19. Be2 {½-½ Alekseev,E (2645)-Zubov,A (2601) Riga Tal Memorial rapid 2019 (10)}) 14... Bb7 15. f3 Nh5 16. Be3 Nf4 17. Red1 h5 18. Rxd8+ Rxd8 19. Rd1 Rxd1 20. Qxd1 Ne6 21. Na3 h4 22. Nb5 Bf6 23. Qd2 Bg5 24. Bxg5 Nxg5 25. Be2 h3 26. g3 Bxe4 27. Qe3 Bb7 28. f4 Ne4 29. Bf3 c5 30. Bg4 exf4 31. gxf4 Qd8 32. Bf3 Nf6 33. f5 Bxf3 34. Qxf3 gxf5 35. Qxh3 Ng4 36. Qf3 Qd2 37. h3 Qe1+ 38. Qf1 Qe3+ 39. Kh1 Nf2+ 40. Kh2 Kf8 41. Qg2 Ne4 42. Na3 Nd2 43. Nc2 Nf3+ 44. Kg3 f4+ 45. Kg4 Qe4 0-1

[Event "45th Olympiad 2024"]
[Site "Budapest HUN"]
[Date "2024.09.15"]
[Round "5.12"]
[Board "1"]
[White "Vachier-Lagrave, Maxime"]
[Black "Bogner, Sebastian"]
[Result "1-0"]
[WhiteElo "2731"]
[BlackElo "2545"]
[PlyCount "83"]
[EventDate "2024.09.11"]
[WhiteTeam "France"]
[BlackTeam "Switzerland"]
[WhiteTeamCountry "FRA"]
[BlackTeamCountry "SUI"]

1. e4 e5 2. Nf3 Nf6 3. Nc3 Nc6 4. Bb5 Nd4 5. O-O Nxb5 6. Nxb5 c6 7. Nc3 d6 8. d4 Qc7 9. Bg5 Be7 10. a4 O-O 11. h3 Re8 12. Bxf6 Bxf6 13. d5 Bd7 14. Qd3 Rac8 15. Rfd1 $146 ({RR} 15. Rfc1 Red8 16. a5 c5 17. Qc4 a6 18. Ra3 Rf8 19. Nd1 Qd8 20. Rb1 Bg5 21. Nxg5 Qxg5 22. Rg3 Qh4 23. Qe2 f5 24. exf5 Rxf5 25. Rg4 Qd8 26. Ra1 Rf7 27. Rg3 Qh4 28. Raa3 Bb5 29. Qg4 Qxg4 {½-½ Forchert,M (2308)-Hebden,M (2434) TCh-EUR Senior +50 2022 (8.1)}) 15... Be7 16. dxc6 Bxc6 17. Nd2 a6 18. Nf1 b5 19. axb5 axb5 20. Ne3 Qb7 21. b4 g6 22. Ned5 Bg5 23. Ra5 Rb8 24. Rda1 Qd7 25. Qg3 Bd8 26. Ra7 Qe6 27. Qd3 Rf8 28. R1a6 Qc8 29. g3 Kg7 30. h4 Rb7 31. h5 Rxa7 32. Rxa7 Qg4 33. Ra6 Bxd5 34. Qxd5 Qxh5 35. Nxb5 Qe2 36. Rxd6 Qe1+ 37. Kg2 Qxb4 38. Rd7 Be7 39. Qxe5+ Bf6 40. Qd5 Be7 41. Nd4 Re8 42. Nc6 1-0

[Event "45th Olympiad 2024"]
[Site "Budapest HUN"]
[Date "2024.09.15"]
[Round "5.12"]
[Board "2"]
[White "Pelletier, Yannick"]
[Black "Bacrot, Etienne"]
[Result "1/2-1/2"]
[WhiteElo "2526"]
[BlackElo "2665"]
[PlyCount "62"]
[EventDate "2024.09.11"]
[WhiteTeam "Switzerland"]
[BlackTeam "France"]
[WhiteTeamCountry "SUI"]
[BlackTeamCountry "FRA"]

1. c4 e5 2. g3 Nf6 3. Bg2 c6 4. Nf3 e4 5. Nd4 Qb6 6. Nb3 a5 7. d3 a4 8. N3d2 Bc5 9. O-O e3 10. fxe3 Bxe3+ 11. Kh1 Ng4 12. Ne4 O-O 13. Nbc3 d5 14. cxd5 Bxc1 15. Qxc1 Ne3 16. Rf3 Nxd5 17. Qd2 a3 ({RR} 17... Bg4 18. Nxd5 cxd5 19. Rf4 Be6 20. Ng5 Nc6 21. Raf1 Qc5 22. d4 Qe7 23. Nxe6 fxe6 24. e4 dxe4 25. Bxe4 Rxf4 26. Qxf4 Nxd4 27. Bxh7+ Kxh7 28. Qxd4 a3 29. bxa3 Rxa3 30. Rf2 Kg8 31. Qe4 Qd7 32. Kg2 {½-½ Heinemann,J (2328)-Brunello,M (2345) Mitropa Cup Women 2024 (1.1)}) 18. Rb1 $146 ({RR} 18. bxa3 Rxa3 19. Qc1 Ra5 20. Nd6 Nxc3 21. Qxc3 Be6 22. Nxb7 Rxa2 23. Rxa2 Bxa2 24. Nc5 Re8 25. Qc2 Bd5 26. e4 Be6 27. d4 Nd7 28. Nxe6 Rxe6 29. Qc4 g6 {½-½ Vidit,S (2719)-Yilmaz,M (2639) TCh-TUR Super League 2023 (10.6)}) 18... Nxc3 19. Nxc3 axb2 20. Rxb2 Qa5 21. Rf4 Qa3 22. Rfb4 Na6 23. Rb6 Qe7 24. d4 Rd8 25. e4 Nc5 26. R6b4 Ra3 27. Qc2 Na6 28. Rc4 Be6 29. Ra4 Rxa4 30. Qxa4 c5 31. d5 Bc8 1/2-1/2